Podróż po świecie #1 - Statystyki

Ogólne statystyki
  • Ten quiz został rozwiązany 45 razy
  • Średni wynik to 14 z 38
Statystyki odpowiedzi
Kierunek Kraj do którego dotrzesz % Poprawnych
START Polska
100%
Południe Słowacja
97%
Południe Austria
93%
Zachód Czechy
93%
Południe Słowenia
90%
Północ Belgia
83%
Zachód Francja
83%
Zachód Włochy
83%
Północny-Zachód Islandia
70%
Zachód Wielka Brytania
70%
Południowy-Zachód Stany Zjednoczone
67%
Południe Meksyk
60%
Wschód Kuba
53%
Południe Jamajka
47%
Południe Brazylia
30%
Południe Kolumbia
30%
Południe Urugwaj
30%
Wschód Madagaskar
27%
Północny-Wschód Mozambik
27%
Wschód Republika Południowej Afryki
27%
Wschód Wenezuela
27%
Północny-Wschód Seszele
23%
Wschód Indonezja
17%
Północny-Wschód Malediwy
17%
Północ Malezja
17%
Zachód Mjanma
13%
Północ Tajlandia
13%
Północ Chiny
10%
Zachód Dania
3%
Północ Estonia
3%
Wschód Korea Północna
3%
Północny-Wschód Litwa
3%
Północ Łotwa
3%
Południe Niemcy
3%
Północny-Zachód Norwegia
3%
Wschód Polska
3%
Północny-Wschód Rosja
3%
Wschód Szwecja
3%
Nie znaleziono quizów pasujących do podanych kryteriów
Rozkład punktacji
Procent ludzi z każdym wynikiem
Percentyl według liczby udzielonych odpowiedzi
Twoja historia wyników
Nie rozwiązałeś tego quizu